Statistiques concernant Villes et villages de Skyrim

Cliquez ici pour prendre le quiz!

Statistiques générales

  • Ce quiz a été pris 124 fois
  • Le résultat moyen est 10 sur 16

Statistiques - réponses

HintRéponse% Correct
1Blancherive
89%
4Solitude
86%
BRivebois
80%
7Aubetoile
73%
8Faillaise
73%
2Markarth
73%
5Vendeaume
72%
3Morthal
70%
6Fortdhiver
67%
9Falkreath
64%
AHelgen
63%
GRorikbourg
52%
FFort-ivar
50%
EPondragon
50%
CFolpertuis
25%
DPier-de-shor
10%

Distribution des résultats

Percentile par nombre de réponses

% des personnes avec chaque résultat

Votre développement - résultats

Vous n’avez pas pris ce quiz